English Words (english to french) - Statistiques

Statistiques générales
  • Ce quiz a été pris 340 fois
  • Le résultat moyen est 16 sur 63
Statistiques - réponses
Anglais Français % Correct
brutalized brutalisé
70%
nightmare cauchemar
70%
hard dur
70%
freedom liberté
69%
burn brûler
68%
crual cruel
66%
evil mal
63%
survive survivre
63%
guilty coupable
58%
weight poids
57%
beat battre
55%
disease maladie
54%
emancipated émancipé
53%
property propriété
53%
payment paiement
46%
betray trahir
42%
rape violer
40%
disobedient désobéissant
38%
threaten menacer
36%
witness témoin
35%
purchase acheter
34%
run away s'enfuir
32%
injure blesser
31%
hate haïr
31%
bonds liens
31%
legacy héritage
30%
distress détresse
27%
warning avertissement
25%
split up séparer
22%
own posséder
21%
chores corvées
17%
assault agression
16%
despaired désespéré
15%
unlawful illégal
14%
shrink rétrécir
14%
abduct enlever
10%
anguish angoisse
9%
constrain contraindre
9%
flog/whip fouetter
9%
lash fouetter
9%
frail fragile
8%
rebel se rebeller
7%
punishment châtiment
5%
hatecrime crime haineux
5%
inadequate inapproprié
4%
tear away arracher
3%
shackles chaînes
3%
lynching lynchage
3%
abuse maltraiter
3%
helpless sans défense
3%
mournful triste
3%
enforce appliquer
2%
burdened chargé
2%
bruise contusion
1%
hue couleur
1%
cabin hutte
1%
barter négocier
1%
be dedicated to se consacrer à
1%
toil travailler dur
1%
address faire face à
0%
advocate préconiser
0%
indentured sous contrat
0%
uproar tapage, chahut
0%
Aucun quiz correspondant
Distribution des résultats
% des personnes avec chaque résultat
Percentile par nombre de réponses
Votre historique - résultats
Vous n’avez pas pris ce quiz